00411nam a2200145Ia 4500008004100000084001600041100002300057245006900080250002000149260003100169260000900200260001200209300000900221500003500230180424s9999 xx 000 0 und d a813.014H H1 a"Dixson, Robert J" 0a"Outcasts of Poker Flat Luck of Roaring Camp, and Other Stories" a\\195400ENGGPSX aRegents Publishing Company b1954 cNewyork a118p aincludes index and biblioraphy